| 000 | 00805cam a22002294a 4500 | ||
|---|---|---|---|
| 001 | 13713492 | ||
| 005 | 20250129133153.0 | ||
| 008 | 040908s2005 caua f 001 0 eng | ||
| 020 | _a9780805372861 | ||
| 050 | 0 | 0 |
_aRB113 _b.M32 2005 |
| 082 | 0 | 0 |
_a612 _222 |
| 100 | 1 | _aMartini, Frederic H. | |
| 245 | 1 | 0 |
_aA&P applications manual / _cFrederic H. Martini & Kathleen Welch. |
| 260 |
_aSan Francisco : _bPearson/Benjamin Cummings, _cc2006 |
||
| 300 |
_aix, 262 p. : _bill. ; _c28 cm. |
||
| 500 | _aIncludes index. | ||
| 650 | 0 |
_aPhysiology, Pathological _vHandbooks, manuals, etc. |
|
| 650 | 0 |
_aAnatomy, Pathological _vHandbooks, manuals, etc. |
|
| 700 | 1 |
_aWelch, Kathleen _q(Kathleen Martini) |
|
| 856 | 4 | 1 |
_3Table of contents _uhttp://www.loc.gov/catdir/toc/ecip0422/2004021254.html |
| 942 |
_2lcc _cBK _n0 |
||
| 999 |
_c3216 _d3216 |
||